Central Library OPAC University of Rajshahi

THE STATE OF FOOD AND AGRICULTURE 1960 / (Record no. 8183)

MARC details
000 -LEADER
fixed length control field 00574nam a22001937a 4500
001 - CONTROL NUMBER
control field 8183
003 - CONTROL NUMBER IDENTIFIER
rucl marc code BD-RjUL
005 - DATE AND TIME OF LATEST TRANSACTION
control field 20211208234534.0
008 - FIXED-LENGTH DATA ELEMENTS--GENERAL INFORMATION
fixed length control field 140118s1960 xxu||||| |||| 00| 0 eng d
035 ## - SYSTEM CONTROL NUMBER
System control number (BD-RjUL)
040 ## - CATALOGING SOURCE
Original cataloging agency BD-RjUL
Language of cataloging eng
Transcribing agency BD-RjUL
Modifying agency BD-RjUL
041 ## - LANGUAGE CODE
Language code of text/sound track or separate title eng
082 ## - DEWEY DECIMAL CLASSIFICATION NUMBER
Classification number 338.187
Author mark and year STA 1960
245 ## - TITLE STATEMENT
Title THE STATE OF FOOD AND AGRICULTURE 1960 /
260 ## - PUBLICATION, DISTRIBUTION, ETC. (IMPRINT)
Place of publication, distribution, etc. ROME:
Name of publisher, distributor, etc. FOOD AND AGRICULTURE ORGANIZATION OF THE UNITED NATIONS ,
Date of publication, distribution, etc. 1960.
300 ## - PHYSICAL DESCRIPTION
Pagination viii,182 p.:
Illustrations ;
Size 30 cm.
710 1# - ADDED ENTRY--CORPORATE NAME
Corporate name or jurisdiction name as entry element United States. Department of Agriculture.
9 (RLIN) 25484
942 ## - ADDED ENTRY ELEMENTS (KOHA)
Source of classification or shelving scheme Dewey Decimal Classification
Koha item type Books
Holdings
Lost status Source of classification or shelving scheme Damaged status Not for loan Collection code Permanent Location Current Location Shelving location Date acquired Source of acquisition Cost, normal purchase price Total Checkouts Full call number Date last seen Copy number Koha item type
  Dewey Decimal Classification   Not For Loan Non-fiction Central Library, University of Rajshahi Central Library, University of Rajshahi   13/11/1965 Zeitlinger 14.00   338.187 STA 1960 18/01/2014 C-1 Books